[Event "Niederoesterreich Landesliga 0910"]
[Site "Austria"]
[Date "2010.04.11"]
[Round "11"]
[White "Schorn, Christoph"]
[Black "Gruszka, Herbert"]
[Result "1-0"]
[WhiteElo "2161"]
[BlackElo "1995"]
[PlyCount "79"]
[EventDate "2009.09.06"]
[EventType "team-tourn"]
[EventRounds "11"]
[EventCountry "AUT"]
[SourceTitle "EXT 2022"]
[Source "ChessBase"]
[SourceDate "2021.10.06"]
[SourceVersion "1"]
[SourceVersionDate "2021.10.06"]
[SourceQuality "1"]

1. e4 e6 2. d4 d5 3. Nc3 dxe4 4. Nxe4 Bd7 5. Nf3 Bc6 6. Ng3 Bd6 7. Bd3 Nf6 8. Bg5 h6 9. Bd2 0-0 10. Qe2 Bxf3 11. Qxf3 c6 12. 0-0-0 Nbd7 13. c3 Qc7 14. Bc2 a5 15. Ne4 Nxe4 16. Qxe4 Nf6 17. Qf3 Qe7 18. g4 Nd7 19. Qd3 Nf6 20. h4 g6 21. Bxh6 Nxg4 22. Bxf8 Qxf8 23. Qf3 f5 24. Bb3 Re8 25. Rde1 Kf7 26. h5 Qh6+ 27. Kb1 Kf6 28. hxg6 Qxg6 29. Qh3 Bf4 30. f3 Ne3 31. Reg1 Ng4 32. Bc2 Qh6 33. fxg4 Qxh3 34. Rxh3 Rg8 35. Rf3 Bd6 36. g5+ Rxg5 37. Rxg5 Kxg5 38. Re3 Kf6 39. Bb3 e5 40. Rh3 1-0

[Event "Niederoesterreich Landesliga 0708"]
[Site "Austria"]
[Date "2008.04.27"]
[Round "13"]
[White "Schorn, Christoph"]
[Black "Juenger, Heinz"]
[Result "1-0"]
[WhiteElo "2154"]
[BlackElo "2027"]
[PlyCount "115"]
[EventDate "2007.09.16"]
[EventType "team-tourn"]
[EventRounds "13"]
[EventCountry "AUT"]
[SourceTitle "EXT 2022"]
[Source "ChessBase"]
[SourceDate "2021.10.06"]
[SourceVersion "1"]
[SourceVersionDate "2021.10.06"]
[SourceQuality "1"]

1. e4 c5 2. Nf3 e6 3. d4 cxd4 4. Nxd4 a6 5. Nc3 Qc7 6. Bd3 Nf6 7. 0-0 d6 8. Qe2 Nbd7 9. Kh1 Be7 10. f4 b5 11. Bd2 Bb7 12. a3 h5 13. Rae1 h4 14. Nd1 Nh5 15. Nf2 Bf6 16. c3 e5 17. fxe5 Bxe5 18. Nh3 Bg3 19. Rd1 Ne5 20. Bg5 Bc8 21. Bxb5+ Kf8 22. Ba4 Ng4 23. Nf5 Bxf5 24. Rxf5 Nxh2 25. Bxh4 Nf4 26. Nxf4 Rxh4 27. Ng6+ Kg8 28. Nxh4 g6 29. Nxg6 fxg6 30. Bb3+ Kh8 31. Rf7 Qd8 32. Rd3 Qh4 33. Rxg3 Qxg3 34. Qd2 Ng4 35. Kg1 Qh2+ 36. Kf1 Qh1+ 37. Ke2 Qxg2+ 38. Kd1 Qxd2+ 39. Kxd2 Re8 40. Bd5 Ne5 41. Ra7 g5 42. Rxa6 g4 43. Ke2 Rf8 44. Ra8 Rxa8 45. Bxa8 Nc4 46. Bd5 Nxb2 47. Bb3 Kg7 48. a4 g3 49. Kf3 Nd3 50. a5 Kf6 51. a6 Ne5+ 52. Kxg3 Nc6 53. Kf4 Na7 54. Bd5 Ke7 55. Kf5 Nc8 56. Bb7 Na7 57. c4 Kf7 58. Kf4 1-0

[Event "Niederoesterreich Landesliga 0708"]
[Site "Austria"]
[Date "2008.04.13"]
[Round "12"]
[White "Polsterer, Heinz"]
[Black "Schorn, Christoph"]
[Result "0-1"]
[WhiteElo "2001"]
[BlackElo "2154"]
[PlyCount "156"]
[EventDate "2007.09.16"]
[EventType "team-tourn"]
[EventRounds "13"]
[EventCountry "AUT"]
[SourceTitle "EXT 2022"]
[Source "ChessBase"]
[SourceDate "2021.10.06"]
[SourceVersion "1"]
[SourceVersionDate "2021.10.06"]
[SourceQuality "1"]

1. e4 c5 2. Nf3 d6 3. Bb5+ Nd7 4. 0-0 Ngf6 5. Re1 a6 6. Bf1 e6 7. d4 cxd4 8. Nxd4 Be7 9. c4 0-0 10. Nc3 Qc7 11. a4 b6 12. Be3 Bb7 13. f3 Rfd8 14. Rb1 Bf8 15. b4 d5 16. exd5 exd5 17. Nxd5 Nxd5 18. cxd5 Bxd5 19. Bg5 Nf6 20. Qc2 Qxc2 21. Nxc2 a5 22. bxa5 Rxa5 23. Bb5 Rc8 24. Ne3 Bc6 25. Nf5 Bxb5 26. axb5 Nd5 27. Be7 Rc2 28. Rbd1 Nxe7 29. Nxe7+ Bxe7 30. Rxe7 g6 31. Re5 Raa2 32. Rg5 h6 33. Rg4 Rab2 34. h4 Rxb5 35. Rd8+ Kg7 36. Rb8 Rcc5 37. Rd4 Rb2 38. Rb7 h5 39. Rdd7 Rf5 40. Rd6 b5 41. Rdb6 Rc5 42. Rb8 Rcc2 43. Rxb5 Rxg2+ 44. Kh1 Rh2+ 45. Kg1 Rxb5 46. Rxb5 Rxh4 47. Kg2 Rd4 48. Rc5 Kf6 49. Ra5 g5 50. Rb5 Rd6 51. Ra5 Re6 52. Kf2 Re5 53. Ra7 Rb5 54. Kg3 Kg6 55. Rc7 f6 56. Ra7 Kf5 57. Ra6 h4+ 58. Kg2 Rb2+ 59. Kh3 Rf2 60. Ra5+ Kf4 61. Ra4+ Kxf3 62. Ra3+ Kf4 63. Ra4+ Kf5 64. Ra5+ Kg6 65. Ra4 Rf3+ 66. Kg2 Rd3 67. Kh2 f5 68. Ra6+ Kh5 69. Ra4 g4 70. Ra5 Kg5 71. Ra4 Rd2+ 72. Kg1 g3 73. Ra3 Kg4 74. Kh1 h3 75. Ra1 f4 76. Rb1 Kf3 77. Rf1+ Ke2 78. Rg1 Rd1 0-1

[Event "Niederoesterreich Landesliga 0708"]
[Site "Austria"]
[Date "2008.03.09"]
[Round "10"]
[White "Schmid, Thomas2222"]
[Black "Schorn, Christoph"]
[Result "1-0"]
[WhiteElo "2201"]
[BlackElo "2154"]
[PlyCount "87"]
[EventDate "2007.09.16"]
[EventType "team-tourn"]
[EventRounds "13"]
[EventCountry "AUT"]
[SourceTitle "EXT 2022"]
[Source "ChessBase"]
[SourceDate "2021.10.06"]
[SourceVersion "1"]
[SourceVersionDate "2021.10.06"]
[SourceQuality "1"]

1. e4 c5 2. Nf3 d6 3. Bb5+ Nd7 4. c3 Ngf6 5. Qe2 e5 6. 0-0 Be7 7. d4 0-0 8. dxe5 Nxe5 9. Nxe5 dxe5 10. a4 a6 11. Bc4 b6 12. Na3 Bd7 13. Rd1 Qe8 14. b3 b5 15. axb5 axb5 16. Bd3 b4 17. cxb4 cxb4 18. Nc2 Rxa1 19. Nxa1 Qa8 20. Bg5 Be6 21. Bxf6 Bxf6 22. Bc4 Bxc4 23. Qxc4 Rd8 24. Rxd8+ Qxd8 25. g3 Be7 26. Nc2 Qd1+ 27. Kg2 Qc1 28. Ne3 Qxc4 29. Nxc4 f6 30. Ne3 Kf7 31. Kf3 Ke6 32. Ke2 Bc5 33. Nd5 Kd6 34. f3 Kc6 35. Kd3 Bg1 36. h3 Kc5 37. Nc7 g6 38. g4 Bh2 39. Nd5 f5 40. gxf5 gxf5 41. Nf6 fxe4+ 42. Kxe4 h6 43. Ng4 Bf4 44. Nxe5 1-0

[Event "Niederoesterreich Landesliga 0607"]
[Site "Austria"]
[Date "2007.02.18"]
[Round "9"]
[White "Sekyra, Michael"]
[Black "Schorn, Christoph"]
[Result "1-0"]
[WhiteElo "2113"]
[BlackElo "2154"]
[PlyCount "71"]
[EventDate "2006.09.17"]
[EventType "team-tourn"]
[EventRounds "11"]
[EventCountry "AUT"]
[SourceTitle "EXT 2022"]
[Source "ChessBase"]
[SourceDate "2021.10.06"]
[SourceVersion "1"]
[SourceVersionDate "2021.10.06"]
[SourceQuality "1"]

1. e4 c5 2. Nf3 d6 3. d4 cxd4 4. Nxd4 Nf6 5. Nc3 a6 6. Be3 Ng4 7. Bc1 Nf6 8. Be3 Ng4 9. Bc1 Nf6 10. f3 e5 11. Nb3 Be6 12. Be3 Nc6 13. Nd5 Bxd5 14. exd5 Nb8 15. Be2 Nbd7 16. Qd2 Rc8 17. c4 Be7 18. 0-0 0-0 19. Na5 Qc7 20. Rfc1 Ne8 21. b4 f5 22. Nb3 b6 23. a4 Nef6 24. a5 Ra8 25. axb6 Nxb6 26. Na5 Kh8 27. Nc6 Rfe8 28. Ra3 Bf8 29. Rca1 f4 30. Bf2 Qb7 31. Qa2 e4 32. fxe4 Nxe4 33. Bd4 Nc8 34. Bd3 Qf7 35. Qc2 Nf6 36. Bxh7 1-0

[Event "Niederoesterreich Landesliga 0607"]
[Site "Austria"]
[Date "2006.11.12"]
[Round "5"]
[White "Schorn, Christoph"]
[Black "Sulyok, Michael"]
[Result "0-1"]
[WhiteElo "2154"]
[BlackElo "2217"]
[PlyCount "62"]
[EventDate "2006.09.17"]
[EventType "team-tourn"]
[EventRounds "11"]
[EventCountry "AUT"]
[SourceTitle "EXT 2022"]
[Source "ChessBase"]
[SourceDate "2021.10.06"]
[SourceVersion "1"]
[SourceVersionDate "2021.10.06"]
[SourceQuality "1"]

1. e4 g6 2. d4 Bg7 3. Nc3 d6 4. f4 a6 5. Nf3 b5 6. Bd3 Nd7 7. 0-0 c5 8. Be3 Bb7 9. Kh1 cxd4 10. Bxd4 Bxd4 11. Nxd4 Ngf6 12. Qe2 e5 13. Nb3 0-0 14. a3 Re8 15. Qf3 Rc8 16. fxe5 dxe5 17. Rad1 Qe7 18. Rd2 Nh5 19. Nd5 Bxd5 20. exd5 Ndf6 21. Be4 Nxe4 22. Qxe4 f5 23. Qe3 Qd6 24. Na5 Nf6 25. Qb3 Ne4 26. Rdd1 Kg7 27. Nc6 Rxc6 28. dxc6 Nf2+ 29. Kg1 Nxd1 30. Rf3 Nxb2 31. Rxf5 Nc4 0-1

[Event "Niederoesterreich Landesliga 0506"]
[Site "Austria"]
[Date "2006.04.02"]
[Round "12"]
[White "Schorn, Christoph"]
[Black "Koller, Hubert"]
[Result "1/2-1/2"]
[WhiteElo "2162"]
[BlackElo "2078"]
[PlyCount "112"]
[EventDate "2005.09.18"]
[EventType "team-tourn"]
[EventRounds "13"]
[EventCountry "AUT"]
[SourceTitle "EXT 2022"]
[Source "ChessBase"]
[SourceDate "2021.10.06"]
[SourceVersion "1"]
[SourceVersionDate "2021.10.06"]
[SourceQuality "1"]

1. e4 g6 2. d4 Bg7 3. Nc3 c6 4. f4 d5 5. e5 h5 6. Nf3 Nh6 7. Be3 Qb6 8. Na4 Qa5+ 9. c3 Bg4 10. Be2 Bxf3 11. Bxf3 Nf5 12. Bf2 Nd7 13. 0-0 e6 14. b4 Qc7 15. Nb2 0-0 16. Qb3 b5 17. a4 a6 18. Ra3 Nb6 19. axb5 axb5 20. Rfa1 Rxa3 21. Rxa3 Ra8 22. Rxa8+ Nxa8 23. Qa2 Qb7 24. Nd3 Bf8 25. Nc5 Bxc5 26. dxc5 Nc7 27. h3 Qa6 28. Qxa6 Nxa6 29. g4 hxg4 30. hxg4 Ne7 31. Bh4 Kf8 32. Kf2 Ke8 33. Ke3 Kd7 34. Be2 Ke8 35. Bd3 Kd7 36. Bb1 Ke8 37. Bf6 Ng8 38. Bg5 Ne7 39. Bh6 Kd7 40. Bg7 Ke8 41. Bf6 Kd7 42. Bxe7 Kxe7 43. f5 gxf5 44. gxf5 f6 45. Kd4 Nc7 46. Bc2 exf5 47. Bxf5 Ne6+ 48. Bxe6 Kxe6 49. exf6 Kxf6 50. Kd3 Kf5 51. Kd4 Kf4 52. Kd3 Kf3 53. Kd4 Kf4 54. Kd3 Kf3 55. Kd4 Kf4 56. Kd3 Kf3 1/2-1/2

[Event "Niederoesterreich Landesliga 0506"]
[Site "Austria"]
[Date "2005.11.13"]
[Round "5"]
[White "Batyte, Daiva"]
[Black "Schorn, Christoph"]
[Result "1/2-1/2"]
[WhiteElo "2180"]
[BlackElo "2162"]
[PlyCount "64"]
[EventDate "2005.09.18"]
[EventType "team-tourn"]
[EventRounds "13"]
[EventCountry "AUT"]
[SourceTitle "EXT 2022"]
[Source "ChessBase"]
[SourceDate "2021.10.06"]
[SourceVersion "1"]
[SourceVersionDate "2021.10.06"]
[SourceQuality "1"]

1. e4 c5 2. Nf3 d6 3. c3 Nf6 4. Bd3 Nc6 5. h3 g6 6. Bc2 Bg7 7. d3 0-0 8. Nbd2 b5 9. 0-0 b4 10. d4 bxc3 11. bxc3 Qa5 12. Bb2 Ba6 13. Re1 cxd4 14. Nb3 Qb5 15. cxd4 Nb4 16. d5 Nxc2 17. Qxc2 Rfc8 18. Qd2 Qd3 19. Qa5 Rc2 20. Bd4 Qb5 21. Qxb5 Bxb5 22. e5 dxe5 23. Rxe5 Bc4 24. Rxe7 Nxd5 25. Ree1 Nb4 26. Bxg7 Kxg7 27. Rec1 Re8 28. a3 Bxb3 29. axb4 Re4 30. Rxc2 Bxc2 31. Rxa7 Rxb4 32. Rc7 Be4 1/2-1/2

[Event "Niederoesterreich Landesliga 0506"]
[Site "Austria"]
[Date "2005.10.16"]
[Round "3"]
[White "Mayer, Martin"]
[Black "Schorn, Christoph"]
[Result "1-0"]
[WhiteElo "1967"]
[BlackElo "2162"]
[PlyCount "81"]
[EventDate "2005.09.18"]
[EventType "team-tourn"]
[EventRounds "13"]
[EventCountry "AUT"]
[SourceTitle "EXT 2022"]
[Source "ChessBase"]
[SourceDate "2021.10.06"]
[SourceVersion "1"]
[SourceVersionDate "2021.10.06"]
[SourceQuality "1"]

1. c4 e5 2. d3 Nc6 3. Nf3 g6 4. Nc3 Bg7 5. g3 d6 6. Bg2 Nge7 7. 0-0 0-0 8. Rb1 a5 9. a3 Nd4 10. e3 Nxf3+ 11. Bxf3 c6 12. b4 axb4 13. axb4 d5 14. Bb2 Be6 15. Qe2 f5 16. Ra1 Qb6 17. Na4 Qxb4 18. Bc3 Qd6 19. Rfb1 Rfb8 20. c5 Qc7 21. Qb2 Nc8 22. Nb6 Nxb6 23. cxb6 Qd6 24. Ra7 Bc8 25. Bb4 Qd8 26. Qa3 Rxa7 27. bxa7 Ra8 28. Bd6 b5 29. Qc5 Bd7 30. Bb8 Rxb8 31. axb8Q Qxb8 32. Bxd5+ cxd5 33. Qxd5+ Kh8 34. Qxd7 b4 35. Rc1 Qg8 36. Rc8 Bf8 37. Qe8 Kg7 38. Qxe5+ Kh6 39. Rc4 g5 40. Rc6+ Kh5 41. Qxf5 1-0

[Event "Niederoesterreich Landesliga 0506"]
[Site "Austria"]
[Date "2005.10.02"]
[Round "2"]
[White "Degen, Gerhard"]
[Black "Schorn, Christoph"]
[Result "1/2-1/2"]
[WhiteElo "2117"]
[BlackElo "2162"]
[PlyCount "46"]
[EventDate "2005.09.18"]
[EventType "team-tourn"]
[EventRounds "13"]
[EventCountry "AUT"]
[SourceTitle "EXT 2022"]
[Source "ChessBase"]
[SourceDate "2021.10.06"]
[SourceVersion "1"]
[SourceVersionDate "2021.10.06"]
[SourceQuality "1"]

1. d4 Nf6 2. c4 g6 3. Nc3 d5 4. Bf4 Bg7 5. e3 c5 6. Nf3 Qa5 7. Be2 Nc6 8. 0-0 cxd4 9. Nb5 0-0 10. Bc7 b6 11. exd4 a6 12. Na3 Ra7 13. Bf4 dxc4 14. Nxc4 Qf5 15. Bd2 Nd5 16. Ne3 Qd7 17. Qb3 Nf4 18. Rfe1 Nxe2+ 19. Rxe2 Nxd4 20. Nxd4 Qxd4 21. Bc3 Qc5 22. Bxg7 Kxg7 23. Rc2 Qb5 1/2-1/2

[Event "Niederoesterreich Landesliga 0405"]
[Site "Austria"]
[Date "2005.01.23"]
[Round "7"]
[White "Schorn, Christoph"]
[Black "Schumacher, Wilhelm"]
[Result "1-0"]
[WhiteElo "2152"]
[BlackElo "1907"]
[PlyCount "57"]
[EventDate "2004.09.19"]
[EventType "team-tourn"]
[EventRounds "11"]
[EventCountry "AUT"]
[SourceTitle "EXT 2022"]
[Source "ChessBase"]
[SourceDate "2021.10.06"]
[SourceVersion "1"]
[SourceVersionDate "2021.10.06"]
[SourceQuality "1"]

1. e4 e5 2. f4 exf4 3. Nf3 d6 4. Bc4 h6 5. 0-0 g5 6. d4 Nc6 7. g3 Bh3 8. Re1 Bg7 9. c3 Nge7 10. gxf4 Qd7 11. fxg5 0-0-0 12. Bf4 Qg4+ 13. Bg3 h5 14. Nh4 Qxg5 15. Nd2 Rdf8 16. Ndf3 Qg4 17. Kh1 Rhg8 18. Ng1 Qxd1 19. Raxd1 Bg4 20. Rd2 Bh6 21. Rf2 Rg7 22. Kg2 Nd8 23. Nh3 Bxh3+ 24. Kxh3 Rfg8 25. Ref1 Ne6 26. Bxe6+ fxe6 27. Rf6 Bg5 28. Rxe6 Kd7 29. d5 1-0

[Event "Niederoesterreich Landesliga 0405"]
[Site "Austria"]
[Date "2004.09.19"]
[Round "1"]
[White "Schorn, Christoph"]
[Black "Dueckstein, Andreas"]
[Result "1-0"]
[WhiteElo "2152"]
[BlackElo "2288"]
[PlyCount "33"]
[EventDate "2004.09.19"]
[EventType "team-tourn"]
[EventRounds "11"]
[EventCountry "AUT"]
[SourceTitle "EXT 2022"]
[Source "ChessBase"]
[SourceDate "2021.10.06"]
[SourceVersion "1"]
[SourceVersionDate "2021.10.06"]
[SourceQuality "1"]

1. e4 e6 2. d4 d5 3. Nc3 Bb4 4. e5 c5 5. a3 Bxc3+ 6. bxc3 Ne7 7. Qg4 0-0 8. Bd3 Qa5 9. Bd2 Nbc6 10. Nf3 Nf5 11. Qh3 c4 12. g4 cxd3 13. gxf5 exf5 14. Rg1 g6 15. Qh6 Qc7 16. Ng5 f6 17. Nxh7 1-0

[Event "AUT-chT2O 0304"]
[Site "Austria"]
[Date "2003.11.22"]
[Round "3.2"]
[White "Manik, Mikulas"]
[Black "Schorn, Christoph"]
[Result "1-0"]
[WhiteElo "2493"]
[BlackElo "2215"]
[PlyCount "77"]
[EventDate "2003.10.25"]
[EventType "team-tourn"]
[EventRounds "11"]
[EventCountry "AUT"]
[SourceTitle "EXT 2005"]
[Source "ChessBase"]
[SourceDate "2004.11.15"]
[SourceVersion "1"]
[SourceVersionDate "2004.11.15"]
[SourceQuality "1"]
[WhiteTeam "Gols Raiba"]
[BlackTeam "Mauerbach"]
[WhiteTeamCountry "AUT"]
[BlackTeamCountry "AUT"]

1. e4 c5 2. Nf3 d6 3. d4 cxd4 4. Nxd4 Nf6 5. Nc3 a6 6. Bg5 e6 7. f4 Qc7 8. Bxf6 gxf6 9. Qf3 Nc6 10. 0-0-0 Bd7 11. f5 Nxd4 12. Rxd4 Qc5 13. Rd1 Be7 14. g3 0-0-0 15. Bh3 h5 16. fxe6 fxe6 17. Ne2 Qe5 18. Nf4 h4 19. Kb1 Rdg8 20. Qb3 hxg3 21. hxg3 Rxh3 22. Rxh3 Qxe4 23. Rhh1 Qa4 24. Qxa4 Bxa4 25. Nxe6 Bd7 26. Rh7 Bxe6 27. Rxe7 Bf5 28. Rf7 Be4 29. Rxf6 d5 30. Rg1 Kd7 31. Rf7+ Kc6 32. Kc1 Rh8 33. Rf2 Kc5 34. g4 Kd4 35. Kd2 Rc8 36. c3+ Ke5 37. Ke3 Rc4 38. g5 Bg6 39. Rf6 1-0

[Event "AUT-chT2O 0304"]
[Site "Austria"]
[Date "2003.10.25"]
[Round "1.2"]
[White "Alvir, Aco"]
[Black "Schorn, Christoph"]
[Result "1-0"]
[WhiteElo "2374"]
[BlackElo "2215"]
[PlyCount "75"]
[EventDate "2003.10.25"]
[EventType "team-tourn"]
[EventRounds "11"]
[EventCountry "AUT"]
[SourceTitle "EXT 2005"]
[Source "ChessBase"]
[SourceDate "2004.11.15"]
[SourceVersion "1"]
[SourceVersionDate "2004.11.15"]
[SourceQuality "1"]
[WhiteTeam "Pamhagen SV Raiba"]
[BlackTeam "Mauerbach"]
[WhiteTeamCountry "AUT"]
[BlackTeamCountry "AUT"]

1. e4 c5 2. Nf3 d6 3. d4 cxd4 4. Nxd4 Nf6 5. Nc3 a6 6. Bg5 e6 7. f4 Nc6 8. e5 h6 9. Bh4 g5 10. fxg5 Nd5 11. Nxd5 exd5 12. exd6 Bxd6 13. Qe2+ Kf8 14. Nxc6 bxc6 15. 0-0-0 hxg5 16. Be1 Be6 17. g3 Qb6 18. Bc3 Rh6 19. Bg2 Re8 20. Rde1 d4 21. Bd2 Rb8 22. b3 Qc5 23. Qxa6 Bf5 24. Be4 Bxe4 25. Rxe4 Bxg3 26. Rg4 Rxh2 27. Rxh2 Bxh2 28. Rxg5 Qd6 29. Rf5 Re8 30. Qc4 Qe6 31. Bb4+ Kg7 32. Qxd4+ f6 33. Qg4+ Kf7 34. Qh5+ Kg7 35. Bc3 Be5 36. Bxe5 fxe5 37. Rg5+ Kf8 38. Qh7 1-0